000
00292nam a2200109Ia 4500
008
221009s9999 xx 000 0 und d
082
_a
741.462 BOOK
100
_a
बाम,शंकर
_9
67687
245
0
_a
लाेहे का आदमी
260
_b
दिल्ली
942
_c
BK
999
_c
64668
_d
64668